| 000 | 01335nam a2200265 a 4500 | ||
|---|---|---|---|
| 001 | 000092574 | ||
| 003 | AM-YEHGA | ||
| 005 | 20250618071112.0 | ||
| 008 | 971222s1952 ai ||||gr|||||||||0|rus|d | ||
| 040 | _aAM-YeHGA | ||
| 041 | 1 |
_arus _harm |
|
| 100 | 1 |
_aԻսահակյան, Ավետիք Սահակի, _d1875-1957 _9963 |
|
| 245 | 1 | 0 |
_aИзбранное : _bПеревод с армянского / _cА.С. Исаакян ; Предисл. О.Т. Ганаланяна ; Худож. К. Тиратурян ; Под ред. Г. Боряна и С. Шервинского. |
| 260 |
_aЕреван : _bАйпетрат, _c1952. |
||
| 300 |
_a223 с. : _bпортр. ; _c22 см. |
||
| 500 | _aПримечания, стр. 217-218 | ||
| 505 | 0 | _aСтихотворения; Песни Алагяза; Поэмы; Баллады и легенды; Басни | |
| 650 | 1 | 4 |
_aАрмянская литература _xПоэзия |
| 700 | 1 |
_aՂանալանյան, Հովհաննես Տիգրանի, _d1911-1994 _eавт. предисл. _4aui _91695 |
|
| 700 | 1 |
_aՏիրատուրյան, Կարապետ Թադևոսի, _d1911-1975 _eхудож. _4art |
|
| 700 | 1 |
_aԲորյան, Գուրգեն Միքայելի, _d1915-1971 _eред. _4edt _92541 |
|
| 700 | 1 |
_aШервинский, С. _eред. _4edt |
|
| 942 |
_2udc _cBK |
||
| 090 | _c29868 | ||
| 999 |
_c29474 _d29474 |
||